000
002640000a22000970004500
245
1
0
_a
Apéndice: algunos apuntes sociológicos
300
_a
Vol. 11, Num. 2 (Diciembre, 1991), Páginas 50-57
650
1
4
_a
IGLESIA-UNIDAD
773
0
_t
Vida y Pensamiento
942
_c
ANA
999
_c
62717
_d
62717